Wer war häufiger verheiratet? - Statistiken

Allgemein
  • Dieses Quiz wurde 82 mal gespielt
  • Das Durchschnittsergebnis liegt bei 8 aus 12
Antwortstatistiken
Frage Antwort % Korrekt
Ludwig II. von Bayern oder Heinrich VIII. von England? Heinrich VIII.
95%
Lady Gaga oder Britney Spears? Britney Spears
82%
Heidi Klum oder Naomi Campbell? Heidi Klum
82%
Boris Becker oder Lothar Matthäus? Lothar Matthäus
82%
Elton John oder Freddie Mercury? Elton John
77%
Emmanuel Macron oder Boris Johnson? Boris Johnson
73%
Hugo Egon Balder oder Hella von Sinnen? Hugo Egon Balder
64%
Helmut Kohl oder Angela Merkel? gleich häufig
59%
Roland Kaiser oder Peter Maffay? Peter Maffay
55%
Elizabeth Taylor oder Zsa Zsa Gabor? Zsa Zsa Gabor
41%
Gerhard Schröder oder Joschka Fischer? gleich häufig
27%
Wolfgang Amadeus Mozart oder Ludwig van Beethoven? Wolfgang Amadeus Mozart
27%
Keine übereinstimmenden Quizze gefunden
Verteilung der Resultate
Anzahl Personen mit jedem Resultat
Perzentil nach korrekt beantworteten Fragen
Ihre Resultats-Entwicklung
Sie haben dieses Quiz noch nicht gespielt